[Event "GER-ch U10 Girls"]
[Site "Willingen"]
[Date "2023.06.02"]
[Round "10"]
[White "Kryvak, Mariia"]
[Black "Kuebart, Ela Marie"]
[Result "0-1"]
[WhiteElo "1083"]
[BlackElo "1198"]
[PlyCount "108"]
[EventDate "2023.05.27"]
[EventType "swiss"]
[EventRounds "11"]
[EventCountry "GER"]
[SourceTitle "CBM 214 Extra"]
[Source "ChessBase"]
[SourceDate "2023.07.31"]
[SourceVersion "1"]
[SourceVersionDate "2023.07.31"]
[SourceQuality "1"]

1. e4 e5 2. Nf3 Nc6 3. Nc3 Nf6 4. Bc4 Bc5 5. 0-0 0-0 6. d3 h6 7. Bd2 d6 8. h3 Be6 9. Nd5 Nd4 10. Nxf6+ Qxf6 11. Nxd4 Bxd4 12. Bxe6 fxe6 13. c3 Bxf2+ 14. Kh1 Qg6 15. Qe2 Bc5 16. Rxf8+ Rxf8 17. Be3 Bxe3 18. Qxe3 c5 19. b4 b6 20. bxc5 bxc5 21. Rb1 Rf7 22. Rb8+ Rf8 23. Rb7 Rf7 24. Rxf7 Qxf7 25. Qc1 d5 26. Qa3 Qc7 27. Qa6 Kf7 28. exd5 exd5 29. Qa4 d4 30. Qc4+ Kg6 31. Qe6+ Kh7 32. cxd4 cxd4 33. Qf5+ g6 34. Qf1 Kg7 35. Qe2 Qc1+ 36. Kh2 Qc7 37. g3 g5 38. Kg1 Kf6 39. Qf3+ Kg6 40. Qe4+ Kg7 41. Qd5 Qc1+ 42. Kg2 Qd2+ 43. Kh1 Qe1+ 44. Kg2 Qe2+ 45. Kh1 Qf1+ 46. Kh2 Qf2+ 47. Kh1 Qxg3 48. Qd7+ Kg6 49. Qe6+ Kh5 50. Qf7+ Kh4 51. Qh7 Qxh3+ 52. Kg1 Kg3 53. Qe4 Qh2+ 54. Kf1 Qf2# 0-1

[Event "GER-ch U10 Girls"]
[Site "Willingen"]
[Date "2023.05.31"]
[Round "7"]
[White "Gubler, Sarah"]
[Black "Kryvak, Mariia"]
[Result "0-1"]
[WhiteElo "1139"]
[BlackElo "1083"]
[PlyCount "46"]
[EventDate "2023.05.27"]
[EventType "swiss"]
[EventRounds "11"]
[EventCountry "GER"]
[SourceTitle "CBM 214 Extra"]
[Source "ChessBase"]
[SourceDate "2023.07.31"]
[SourceVersion "1"]
[SourceVersionDate "2023.07.31"]
[SourceQuality "1"]

1. e4 e5 2. Nf3 Nc6 3. Bc4 Nf6 4. d3 d5 5. exd5 Nxd5 6. Ng5 Be7 7. Nxf7 Kxf7 8. Qf3+ Ke6 9. 0-0 Nd4 10. Qg4+ Kd6 11. Qe4 Be6 12. Re1 Bf6 13. Nc3 Nxc3 14. bxc3 Nxc2 15. d4 Nxe1 16. dxe5+ Bxe5 17. Bf4 Qf6 18. Rd1+ Ke7 19. Bxe5 Qf5 20. Qh4+ g5 21. Qg3 Rhd8 22. Bxe6 Rxd1 23. Qg4 Nf3# 0-1